00491nam a2200181 a 450000100060000000300090000600800410001504000280005608200160008410000240010024500380012425000070016226000620016930000190023149000310025050000210028165000070030211025CO-ViMGA141112s2004 ck r 000 u spa d aCO-ViMGAbspacCO-ViMGA04a658.15 B73m1 aBrealey, Richard A.10aManual de Finanzas Corporativas  a4. aSantafé de Bogotá.Colombia , cMcGraw - Hill, c1995. aV 1, V 2, V 3. aEmpresas Finanzas Manuales aVol. y núm. : 14aSE